000 00618nam a2200205 u 4500
005 20240228064326.0
008 180417s2000 r 000 0 eng d
020 _a9586811603
035 _aUPN01000224123
049 _aI
050 4 _aPZ78
_bC3.46
100 1 _aCarrizosa Castro, Enrique,
_d1928-
_938207
245 1 0 _aJulián el Angel Guardián y los planetas /
_cEnrique Carrizosa Castro.
260 _aBogotá :
_bMigema,
_c2000.
300 _a12 p. :
_bil. col.
650 0 _aCuentos infantiles colombianos
_94407
650 4 _aLibros y lectura para niños
_92290
905 _aInfantil
999 _c196220
_d196220